Engineering Networks Analysis & Filter Design (Record no. 15931)

MARC details
000 -LEADER
fixed length control field 00415nam a2200157Ia 4500
008 - FIXED-LENGTH DATA ELEMENTS--GENERAL INFORMATION
fixed length control field 221030s9999 xx 000 0 und d
020 ## - INTERNATIONAL STANDARD BOOK NUMBER
ISBN 8188114057
041 ## - LANGUAGE CODE
Language code of text/sound track or separate title
100 ## - MAIN ENTRY--AUTHOR NAME
Personal name G. G. Bhise
245 #0 - TITLE STATEMENT
Title Engineering Networks Analysis & Filter Design
Statement of responsibility, etc by G. G. Bhise, P. R. Chadha
260 ## - PUBLICATION, DISTRIBUTION, ETC. (IMPRINT)
Name of publisher Umersh Pub.
Place of publication New Delhi
Year of publication 2008
300 ## - PHYSICAL DESCRIPTION
Number of Pages 1071
650 ## - SUBJECT ADDED ENTRY--TOPICAL TERM
Topical Term BB EE
700 ## - ADDED ENTRY--PERSONAL NAME
Personal name P. R. Chadha
942 ## - ADDED ENTRY ELEMENTS (KOHA)
Koha item type Books
Holdings
Accession Number Cost, normal purchase price Bill Date Source of acquisition Price effective from Koha item type Withdrawn / writtenoff status Materials specified (bound volume or other part) Damaged status Not for loan Permanent Location Current Location Shelving location Date acquired Lost/ Missing status department
BB 757 250.00 7007 RKB 10/30/2022 Books   Print     MIET Library, Jammu MIET Library, Jammu BL-Academic Block B, FL-2, CUP-103, SH-6, R-6 12/29/2015   BB